[Event "Tom Weston Open Major"]
[Site "Cardiff"]
[Date "2016.03.25"]
[Round "1.1"]
[White "Camp, Imogen A L"]
[Black "Turner, Matthew J"]
[Result "0-1"]
[WhiteElo "1691"]
[BlackElo "2502"]
[PlyCount "38"]
[EventDate "2016.03.25"]
[EventRounds "7"]
[EventCountry "WLS"]

1. d4 Nf6 2. Nf3 g6 3. Bf4 Bg7 4. e3 O-O 5. Be2 d6 6. O-O Nc6 7. h3 Bf5 8. c4
Ne4 9. Nc3 e5 10. Bh2 exd4 11. exd4 Ng5 12. d5 Nxf3+ 13. Bxf3 Nd4 14. Be4 Qg5
15. Bxf5 Qxf5 16. Qd2 Qxh3 17. Bxd6 Nf3+ 18. gxf3 cxd6 19. Qf4 Be5 0-1

[Event "Tom Weston Open Major"]
[Site "Cardiff"]
[Date "2016.03.25"]
[Round "1.2"]
[White "Ivekovic, Tihana"]
[Black "Parri, Deio"]
[Result "1-0"]
[WhiteElo "2115"]
[BlackElo "1681"]
[PlyCount "59"]
[EventDate "2016.03.25"]
[EventRounds "7"]
[EventCountry "WLS"]

1. d4 d5 2. c4 c6 3. Nc3 Nf6 4. Nf3 Bg4 5. e3 e6 6. Qc2 Be7 7. Bd3 O-O 8. Ne5
Bh5 9. O-O Nbd7 10. cxd5 exd5 11. a3 Rc8 12. Nxd7 Nxd7 13. Bxh7+ Kh8 14. Bf5
Bd6 15. f4 f6 16. Qf2 g5 17. Qg3 Kg7 18. Qh3 Rh8 19. Bxd7 Be8 20. Bxc8 Rxh3 21.
Bxh3 Qc7 22. g3 Bf7 23. Bd2 c5 24. Nb5 Qb6 25. Nxd6 Qxd6 26. fxg5 fxg5 27. dxc5
Qxc5 28. Bc3+ Kg8 29. Bd4 Qe7 30. Rac1 1-0

[Event "Tom Weston Open Major"]
[Site "Cardiff"]
[Date "2016.03.25"]
[Round "1.3"]
[White "Jukes, Sam"]
[Black "Pearson, Raymond"]
[Result "1/2-1/2"]
[WhiteElo "1659"]
[BlackElo "1952"]
[PlyCount "97"]
[EventDate "2016.03.25"]
[EventRounds "7"]
[EventCountry "WLS"]

1. d4 Nf6 2. c4 g6 3. Nc3 Bg7 4. e4 O-O 5. Nf3 d6 6. Be2 e5 7. dxe5 dxe5 8. O-O
c6 9. Qxd8 Rxd8 10. Bg5 h6 11. Rad1 Re8 12. Bh4 Na6 13. a3 Nc5 14. Bxf6 Bxf6
15. b4 Ne6 16. Bd3 Nf4 17. Ne2 Bg4 18. Nxf4 exf4 19. Bc2 a5 20. b5 cxb5 21.
cxb5 Rac8 22. Bb1 Kf8 23. h3 Be6 24. Rfe1 Be7 25. Rd3 Rc5 26. a4 Rc4 27. Rd4
Rec8 28. Red1 Rxd4 29. Nxd4 Rc4 30. Nxe6+ fxe6 31. Re1 Rxa4 32. Kf1 e5 33. Rc1
Ra1 34. Ke2 a4 35. Rc8+ Kf7 36. Bc2 a3 37. Ra8 Bc5 38. b6 Bxb6 39. Bb3+ Kf6 40.
h4 Bc5 41. Rb8 b6 42. Rb7 g5 43. h5 g4 44. g3 f3+ 45. Kd3 Be7 46. Rxb6+ Kg7 47.
Rb7 Kf6 48. Rb6+ Kg7 49. Rb7 1/2-1/2

[Event "Tom Weston Open Major"]
[Site "Cardiff"]
[Date "2016.03.25"]
[Round "1.4"]
[White "Christmas, Steve"]
[Black "Hurn, Robert AJ"]
[Result "1/2-1/2"]
[WhiteElo "1923"]
[BlackElo "1654"]
[PlyCount "98"]
[EventDate "2016.03.25"]
[EventRounds "7"]
[EventCountry "WLS"]

1. d4 Nf6 2. Nf3 c5 3. e3 g6 4. Be2 Bg7 5. O-O O-O 6. Nbd2 cxd4 7. exd4 d6 8.
c3 Nc6 9. Nc4 b5 10. Ne3 Rb8 11. Rb1 a6 12. Re1 Bb7 13. Nc2 Qa5 14. a3 Qc7 15.
Bf4 Nh5 16. Bg3 Nxg3 17. hxg3 e5 18. Rc1 Qb6 19. Qd2 Rbd8 20. Rcd1 Rfe8 21. Bf1
e4 22. Nh2 d5 23. f3 f5 24. f4 Na5 25. g4 Bc8 26. g5 Nc4 27. Bxc4 bxc4 28. Ne3
Qd6 29. Qf2 Bd7 30. g3 Rb8 31. Rd2 Rb3 32. Ree2 Reb8 33. Qg2 Be6 34. Rf2 R8b7
35. Rde2 Qb8 36. Nd1 a5 37. Qf1 Bd7 38. Qg2 Be6 39. Nf1 Bf8 40. Nfe3 Bg7 41.
Qh3 Bf8 42. Rh2 Qc8 43. Ref2 Qb8 44. Qh4 Qc8 45. Rhg2 R3b6 46. Re2 Qd7 47. Rd2
Rb3 48. Rge2 Qc8 49. Qh2 Bg7 1/2-1/2

[Event "Tom Weston Open Major"]
[Site "Cardiff"]
[Date "2016.03.25"]
[Round "1.5"]
[White "Prob, Malcolm"]
[Black "Summers, Charles"]
[Result "0-1"]
[WhiteElo "1641"]
[BlackElo "1922"]
[PlyCount "58"]
[EventDate "2016.03.25"]
[EventRounds "7"]
[EventCountry "WLS"]

1. Nf3 c5 2. c4 Nc6 3. Nc3 g6 4. b3 Bg7 5. Bb2 d6 6. g3 e5 7. d3 Nge7 8. Bg2 h6
9. O-O Be6 10. h3 Qd7 11. Kh2 O-O 12. e3 f5 13. Ne2 g5 14. Qc2 Ng6 15. Rad1 Qf7
16. d4 Nb4 17. Qb1 cxd4 18. exd4 g4 19. Nfg1 gxh3 20. Nxh3 f4 21. Be4 Ne7 22.
a3 Bxh3 23. axb4 Bxf1 24. Rxf1 Qh5+ 25. Kg1 Qxe2 26. Re1 Qg4 27. dxe5 fxg3 28.
fxg3 Qxg3+ 29. Bg2 Rf2 0-1

[Event "Tom Weston Open Major"]
[Site "Cardiff"]
[Date "2016.03.25"]
[Round "1.6"]
[White "Gibbs, Dominic V"]
[Black "Sivarajasingam, Venetia"]
[Result "1-0"]
[WhiteElo "1914"]
[BlackElo "1587"]
[PlyCount "67"]
[EventDate "2016.03.25"]
[EventRounds "7"]
[EventCountry "WLS"]

1. e4 e6 2. d4 d5 3. Nd2 Nf6 4. e5 Nfd7 5. Ngf3 c5 6. c3 Nc6 7. Bd3 Qb6 8. O-O
cxd4 9. cxd4 Nxd4 10. Nxd4 Qxd4 11. Nf3 Qb6 12. Qa4 Qb4 13. Qc2 Nc5 14. Bd2 Qa4
15. b3 Qd7 16. Be2 b6 17. Be3 Bb7 18. b4 Ne4 19. Nd4 a6 20. Qb2 Qc7 21. Nb5 Qd7
22. f3 axb5 23. fxe4 Be7 24. Rfd1 O-O 25. Bxb6 Qc6 26. Be3 dxe4 27. Rac1 Qa6
28. Rd7 Bd8 29. a4 Bb6 30. Bc5 Bxc5+ 31. Rxc5 Rfc8 32. Bxb5 Qa7 33. Qf2 Rxc5
34. Qxf7+ 1-0

[Event "Tom Weston Open Major"]
[Site "Cardiff"]
[Date "2016.03.25"]
[Round "1.7"]
[White "Fowler, Hugo"]
[Black "James, Dai"]
[Result "0-1"]
[WhiteElo "1558"]
[BlackElo "1912"]
[PlyCount "64"]
[EventDate "2016.03.25"]
[EventRounds "7"]
[EventCountry "WLS"]

1. e4 e6 2. d4 d5 3. e5 c5 4. c3 Bd7 5. Nf3 a6 6. a3 Qb6 7. b4 cxd4 8. cxd4 a5
9. bxa5 Qxa5+ 10. Bd2 Qb6 11. Bd3 Ba4 12. Qe2 Nc6 13. Nc3 Nxd4 14. Nxd4 Qxd4
15. Bb5+ Bxb5 16. Qxb5+ Kd8 17. Qxb7 Qxe5+ 18. Kf1 Rc8 19. Qxf7 Nf6 20. Re1 Qd4
21. Re2 Rxc3 22. Bxc3 Qxc3 23. Qxe6 Bc5 24. Qa6 Qa1+ 25. Re1 Qd4 26. Re2 Re8
27. Qa5+ Kd7 28. Qb5+ Kd6 29. Qa6+ Bb6 30. Ke1 Ne4 31. Kf1 Qd1+ 32. Re1 Nd2+
0-1

[Event "Tom Weston Open Major"]
[Site "Cardiff"]
[Date "2016.03.25"]
[Round "1.8"]
[White "Harle, Bill"]
[Black "Qiu, Anlan"]
[Result "1-0"]
[WhiteElo "1831"]
[BlackElo "1551"]
[PlyCount "105"]
[EventDate "2016.03.25"]
[EventRounds "7"]
[EventCountry "WLS"]

1. d4 Nf6 2. Nf3 g6 3. g3 Bg7 4. Bg2 O-O 5. O-O d6 6. b3 Nbd7 7. Bb2 c6 8. Nbd2
Qc7 9. Rc1 e5 10. e3 Re8 11. c4 exd4 12. Nxd4 Nc5 13. Nb1 Ne6 14. Qd2 Nxd4 15.
Bxd4 Be6 16. Rfd1 Rad8 17. Qb2 Nh5 18. Bxg7 Nxg7 19. Nc3 Qe7 20. Ne4 Nh5 21.
Nc3 f5 22. Rd2 Rd7 23. Rcd1 Red8 24. Qa3 Nf6 25. Qxa7 d5 26. cxd5 cxd5 27. Qd4
Ne4 28. Nxe4 dxe4 29. Qb2 Qb4 30. Rxd7 Rxd7 31. Rxd7 Bxd7 32. Qc1 Qa5 33. a3
Kf7 34. Bf1 Qb6 35. Bc4+ Be6 36. Bxe6+ Kxe6 37. Qc4+ Kd6 38. Kf1 Qc5 39. Qxc5+
Kxc5 40. Ke2 Kd5 41. Kd2 Kc6 42. Kc3 Kc5 43. a4 h6 44. b4+ Kd5 45. h4 g5 46.
hxg5 hxg5 47. Kb3 Ke5 48. Kc4 f4 49. gxf4+ gxf4 50. Kc5 Ke6 51. a5 f3 52. b5
Kf5 53. Kd5 1-0

[Event "Tom Weston Open Major"]
[Site "Cardiff"]
[Date "2016.03.25"]
[Round "1.9"]
[White "Hunt, Bill"]
[Black "Bridges, Paul"]
[Result "1/2-1/2"]
[WhiteElo "1544"]
[BlackElo "1821"]
[PlyCount "37"]
[EventDate "2016.03.25"]
[EventRounds "7"]
[EventCountry "WLS"]

1. e4 c5 2. c3 d5 3. exd5 Qxd5 4. d4 e6 5. a3 Nc6 6. Nf3 Nf6 7. Bd3 Be7 8. O-O
O-O 9. Be3 cxd4 10. cxd4 a6 11. Nc3 Qh5 12. h3 Rd8 13. Ne2 Nd5 14. Bd2 Bd6 15.
Ng5 f5 16. Nf3 h6 17. Rc1 g5 18. Ng3 Bxg3 19. fxg3 1/2-1/2

[Event "Tom Weston Open Major"]
[Site "Cardiff"]
[Date "2016.03.25"]
[Round "1.10"]
[White "McGregor, John"]
[Black "Sivarajasingam, Shayanna"]
[Result "1-0"]
[WhiteElo "1814"]
[BlackElo "1524"]
[PlyCount "99"]
[EventDate "2016.03.25"]
[EventRounds "7"]
[EventCountry "WLS"]

1. e4 e6 2. d4 d5 3. Nc3 dxe4 4. Nxe4 Nd7 5. Nf3 Ngf6 6. Bg5 Be7 7. Nxf6+ Nxf6
8. Bd3 h6 9. Bh4 c5 10. dxc5 Bxc5 11. O-O O-O 12. c3 b6 13. Bxf6 Qxf6 14. Be4
Rb8 15. Qa4 Bb7 16. Bxb7 Rxb7 17. Rad1 Qe7 18. Ne5 Bd6 19. Qe4 Bxe5 20. Qxe5
Rd7 21. Qe2 Rfd8 22. h3 Rd6 23. Rxd6 Qxd6 24. Rc1 Qd2 25. Rc2 Qd1+ 26. Qxd1
Rxd1+ 27. Kh2 Kf8 28. Kg3 Ke7 29. Kf3 Kd6 30. Ke2 Rd5 31. c4 Rd4 32. Ke3 e5 33.
b4 f5 34. a3 g5 35. c5+ bxc5 36. Rxc5 Rd5 37. Rc8 a5 38. Rd8+ Kc6 39. Rxd5 Kxd5
40. bxa5 Kc5 41. a6 Kb6 42. Kd3 Kxa6 43. Kc4 Ka5 44. Kd5 e4 45. Ke5 f4 46. Kxe4
Ka4 47. Kf5 Kxa3 48. Kg6 Kb3 49. Kxh6 Kc4 50. Kxg5 1-0

[Event "Tom Weston Open Major"]
[Site "Cardiff"]
[Date "2016.03.25"]
[Round "1.11"]
[White "Herkes, Steve"]
[Black "Buttell, David"]
[Result "0-1"]
[WhiteElo "1521"]
[BlackElo "1813"]
[PlyCount "80"]
[EventDate "2016.03.25"]
[EventRounds "7"]
[EventCountry "WLS"]

1. e4 c5 2. Nf3 d6 3. c3 Nf6 4. Qc2 e6 5. d4 cxd4 6. cxd4 Be7 7. Nc3 O-O 8. Bd3
g6 9. Bf4 Nc6 10. a3 Qa5 11. O-O e5 12. b4 Qc7 13. Nb5 Qb8 14. Bh6 Re8 15. d5
a6 16. dxc6 axb5 17. Bxb5 Qc7 18. Rfc1 b6 19. Qc4 Be6 20. Qd3 Rad8 21. Ng5 d5
22. Nxe6 fxe6 23. Qe2 Nxe4 24. Qg4 Bf6 25. Bd3 Nd6 26. Bxg6 hxg6 27. Qxg6+ Bg7
28. Qg3 Nf5 29. Qg5 Nxh6 30. Ra2 Nf5 31. Re2 Ra8 32. h4 Rxa3 33. h5 Rb3 34. g4
Nd4 35. Qg6 Nxe2+ 36. Kf1 Ng3+ 37. Kg2 Qf7 38. Qxf7+ Kxf7 39. fxg3 Rxb4 40. c7
Rc4 0-1

[Event "Tom Weston Open Major"]
[Site "Cardiff"]
[Date "2016.03.25"]
[Round "1.12"]
[White "Llewellyn, Alan M"]
[Black "Wagner, Guy"]
[Result "0-1"]
[WhiteElo "1514"]
[BlackElo "1780"]
[PlyCount "68"]
[EventDate "2016.03.25"]
[EventRounds "7"]
[EventCountry "WLS"]

1. c4 f5 2. Nc3 Nf6 3. d3 d6 4. e4 e5 5. f4 Nc6 6. Nf3 fxe4 7. dxe4 Bg4 8. Be2
Be7 9. Nxe5 dxe5 10. Bxg4 Nd4 11. O-O Bc5 12. Kh1 Nc2 13. Bh5+ g6 14. Bxg6+
hxg6 15. Qxc2 Ng4 16. h3 Qh4 17. Qe2 Nf2+ 18. Rxf2 Bxf2 19. Be3 Bxe3 20. Qxe3
Qxf4 21. Qxf4 exf4 22. Nd5 O-O-O 23. Nxf4 Rd2 24. Nxg6 Re8 25. h4 Rxe4 26. h5
Rg4 27. Rf1 Rgxg2 28. Rf8+ Kd7 29. Ne5+ Kd6 30. Ng4 Kc5 31. Rf5+ Kb6 32. Ne3
Rh2+ 33. Kg1 c6 34. Nf1 Rdg2# 0-1

[Event "Tom Weston Open Major"]
[Site "Cardiff"]
[Date "2016.03.25"]
[Round "1.13"]
[White "Fraser, Susanna"]
[Black "Lutchman Singh, Karanvir"]
[Result "0-1"]
[WhiteElo "1439"]
[BlackElo "1735"]
[PlyCount "116"]
[EventDate "2016.03.25"]
[EventRounds "7"]
[EventCountry "WLS"]

1. d4 Nf6 2. Nc3 d5 3. Bg5 Nbd7 4. Nf3 e6 5. Ne5 h6 6. Bh4 c5 7. e3 Be7 8. Qf3
Nxe5 9. dxe5 Nd7 10. Bg3 d4 11. Ne4 Qa5+ 12. Nd2 Qb4 13. b3 Qc3 14. Rd1 Qxc2
15. a4 Qc3 16. exd4 cxd4 17. Qxc3 dxc3 18. Nc4 Bb4 19. Rc1 O-O 20. Bd3 Nc5 21.
Bc2 Rd8 22. O-O b6 23. Rfd1 Ba6 24. Nd6 Be2 25. Rd4 a5 26. Re1 Ba6 27. h3 Nb7
28. Rdd1 Nc5 29. Ne4 Nxe4 30. Bxe4 c2 31. Ra1 Bxe1 32. Bxc2 Bc3 33. Rb1 Rd2 34.
Be4 Rad8 35. Bf3 Bd3 36. Rc1 Rc2 37. Rd1 Bd2 38. Kh2 Bb4 39. Be4 Rd2 40. Re1
Bxe4 41. Rxe4 Bc5 42. Rf4 R2d3 43. Bh4 R8d4 44. Rxd4 Bxd4 45. Bg3 Rxb3 46. Bh4
Bxe5+ 47. Bg3 Bxg3+ 48. fxg3 b5 49. axb5 a4 50. h4 a3 51. Kh3 a2 52. Kh2 a1=Q
53. b6 Rb1 54. Kh3 Rh1+ 55. Kg4 Qd4+ 56. Kf3 Rf1+ 57. Ke2 Rf2+ 58. Ke1 Qd2# 0-1

[Event "Tom Weston Open Major"]
[Site "Cardiff"]
[Date "2016.03.25"]
[Round "1.14"]
[White "Timmins, Chris P"]
[Black "Evans, James"]
[Result "1-0"]
[WhiteElo "1773"]
[BlackElo "1478"]
[PlyCount "57"]
[EventDate "2016.03.25"]
[EventRounds "7"]
[EventCountry "WLS"]

1. Nf3 Nf6 2. d4 e6 3. Bg5 c5 4. e3 cxd4 5. exd4 d5 6. c3 Be7 7. Nbd2 O-O 8.
Bd3 Re8 9. Qc2 g6 10. h4 Kg7 11. O-O-O Nh5 12. g4 Bxg5 13. gxh5 Bxd2+ 14. Qxd2
Qf6 15. Ne5 Rh8 16. Rdg1 Nd7 17. Ng4 Qf3 18. Rh2 Nf6 19. h6+ Kf8 20. Rg3 Qxg4
21. Rxg4 Nxg4 22. Qg5 Nxh6 23. Qxh6+ Ke7 24. h5 Bd7 25. hxg6 fxg6 26. Qg7+ Kd6
27. Rxh7 Rxh7 28. Qxh7 Rf8 29. Qxg6 1-0

[Event "Tom Weston Open Major"]
[Site "Cardiff"]
[Date "2016.03.25"]
[Round "1.15"]
[White "Fox, Chris"]
[Black "Lutchman Singh, Aishwarya"]
[Result "1/2-1/2"]
[WhiteElo "1727"]
[BlackElo "1440"]
[PlyCount "96"]
[EventDate "2016.03.25"]
[EventRounds "7"]
[EventCountry "WLS"]

1. d4 Nf6 2. Nf3 d6 3. c4 Nbd7 4. g3 e5 5. Bg2 Be7 6. Nc3 O-O 7. O-O c6 8. e3
Qc7 9. b3 Re8 10. dxe5 dxe5 11. Bb2 Bd6 12. Qc2 Kh8 13. Ng5 Kg8 14. Nce4 Bf8
15. Rad1 h6 16. Nxf6+ Nxf6 17. Nf3 Bg4 18. h3 Bh5 19. Rd2 Bb4 20. Rdd1 e4 21.
Nd2 Bxd1 22. Rxd1 Re6 23. Nxe4 Nxe4 24. Bxe4 Rd8 25. Bf3 Red6 26. a3 Rxd1+ 27.
Bxd1 Rd2 28. Qc1 Qd6 29. Bf3 Ba5 30. b4 Bc7 31. Qc3 f6 32. Bd5+ Rxd5 33. cxd5
Qxd5 34. Qd4 Qxd4 35. Bxd4 b6 36. Kg2 Kf7 37. Kf3 Bd6 38. Ke4 Ke6 39. g4 Be5
40. Bxe5 fxe5 41. f4 exf4 42. exf4 g6 43. Kd4 Kf6 44. a4 Ke6 45. Kc4 Kd6 46. a5
Ke6 47. Kd4 Kf6 48. axb6 axb6 1/2-1/2

[Event "Tom Weston Open Major"]
[Site "Cardiff"]
[Date "2016.03.25"]
[Round "1.16"]
[White "O'Rourke, Kevin"]
[Black "Williams, Stephen"]
[Result "0-1"]
[WhiteElo "1393"]
[BlackElo "1724"]
[PlyCount "92"]
[EventDate "2016.03.25"]
[EventRounds "7"]
[EventCountry "WLS"]

1. e4 c6 2. d4 d5 3. e5 c5 4. Bb5+ Nc6 5. dxc5 a6 6. Bxc6+ bxc6 7. Nf3 Qa5+ 8.
c3 Qxc5 9. Nd4 e6 10. Be3 Qb6 11. Nb3 c5 12. a4 a5 13. O-O Ba6 14. Na3 Bxf1 15.
Kxf1 Qc6 16. Nb5 c4 17. Nd2 Ne7 18. Nd6+ Kd7 19. N6xc4 Nc8 20. Na3 Bxa3 21.
Rxa3 Nb6 22. b3 Ke7 23. Nf3 Nd7 24. Nd4 Qxc3 25. Bg5+ f6 26. exf6+ gxf6 27. Be3
Rhc8 28. Ra1 Ne5 29. Rc1 Qd3+ 30. Qxd3 Nxd3 31. Rc6 Rxc6 32. Nxc6+ Kd6 33. Nd4
e5 34. Nf5+ Kc6 35. Ke2 Nc5 36. f4 Nxb3 37. fxe5 fxe5 38. g4 d4 39. Bg5 Nc5 40.
Bf6 Kd5 41. Be7 Nxa4 42. h4 Nc5 43. Bxc5 Kxc5 44. Kd3 a4 45. Kc2 Rb8 46. h5 a3
0-1

[Event "Tom Weston Open Major"]
[Site "Cardiff"]
[Date "2016.03.25"]
[Round "1.17"]
[White "Thomas, Roy"]
[Black "Govindaraj, Neya"]
[Result "1-0"]
[WhiteElo "1720"]
[BlackElo "1229"]
[PlyCount "71"]
[EventDate "2016.03.25"]
[EventRounds "7"]
[EventCountry "WLS"]

1. f4 d5 2. e3 g6 3. Nf3 Nf6 4. Be2 Bg7 5. O-O O-O 6. d3 c5 7. Nc3 Nc6 8. Qe1
Bg4 9. e4 Bxf3 10. Bxf3 d4 11. Na4 b6 12. Qg3 Rc8 13. b3 Nb4 14. Bd1 b5 15. Nb2
Qc7 16. a3 Na6 17. Bf3 e6 18. Bd2 Nb8 19. a4 b4 20. Nc4 a5 21. Rae1 Nbd7 22.
Bc1 Nb8 23. Qh3 Rfd8 24. g4 Ne8 25. Bg2 Nd6 26. Nd2 Nd7 27. Nf3 Nb6 28. e5 Ne8
29. f5 exf5 30. gxf5 Nd5 31. fxg6 fxg6 32. Ng5 h5 33. Qe6+ Kh8 34. Bxd5 Nf6 35.
exf6 Bh6 36. Nf7+ 1-0

[Event "Tom Weston Open Major"]
[Site "Cardiff"]
[Date "2016.03.25"]
[Round "2.1"]
[White "Turner, Matthew J"]
[Black "Timmins, Chris P"]
[Result "1-0"]
[WhiteElo "2502"]
[BlackElo "1773"]
[PlyCount "79"]
[EventDate "2016.03.25"]
[EventRounds "7"]
[EventCountry "WLS"]

1. c4 e5 2. g3 Bc5 3. Bg2 Qf6 4. e3 a6 5. Nc3 Ba7 6. Nge2 Ne7 7. d4 d6 8. dxe5
dxe5 9. b3 Nbc6 10. O-O Bg4 11. Nd5 Nxd5 12. cxd5 Rd8 13. Ba3 Ne7 14. e4 h5 15.
Rc1 c6 16. h3 Bf3 17. Bxe7 Kxe7 18. Qd3 Bxg2 19. Kxg2 Qd6 20. Nc3 Bd4 21. dxc6
bxc6 22. Qxa6 Qg6 23. Rfe1 h4 24. g4 Rh6 25. Nd1 Qd6 26. Ne3 Bxe3 27. Rxe3 Re6
28. Rec3 Qd4 29. Rc4 Qd3 30. Ra4 Qd6 31. Qb6 Rf6 32. Ra5 Ke8 33. Qe3 Qb4 34.
Rxe5+ Kf8 35. Rf5 Rfd6 36. Rc4 Qb7 37. e5 Rd4 38. Rxd4 Rxd4 39. e6 c5+ 40. Qf3
1-0

[Event "Tom Weston Open Major"]
[Site "Cardiff"]
[Date "2016.03.25"]
[Round "2.2"]
[White "Buttell, David"]
[Black "Ivekovic, Tihana"]
[Result "1/2-1/2"]
[WhiteElo "1813"]
[BlackElo "2115"]
[PlyCount "89"]
[EventDate "2016.03.25"]
[EventRounds "7"]
[EventCountry "WLS"]

1. d4 d5 2. c4 c6 3. Nf3 Nf6 4. Nc3 e6 5. cxd5 exd5 6. Bg5 Bd6 7. e3 Nbd7 8.
Bd3 O-O 9. Qc2 h6 10. Bh4 Re8 11. O-O Nf8 12. Rae1 Be6 13. a3 N8d7 14. e4 dxe4
15. Nxe4 Be7 16. Bg3 Nxe4 17. Bxe4 Nf6 18. Bf5 Bd5 19. Ne5 Nh5 20. Re3 Nxg3 21.
hxg3 Bg5 22. f4 Bf6 23. Rfe1 g5 24. Qd1 Bg7 25. Qd3 Qf6 26. Kf1 Red8 27. R1e2
gxf4 28. gxf4 c5 29. g4 cxd4 30. Rh3 Qa6 31. Bh7+ Kh8 32. g5 Qxd3 33. Bxd3 Re8
34. Ng4 Rxe2 35. Kxe2 Re8+ 36. Kd2 h5 37. Rxh5+ Kg8 38. Nf6+ Bxf6 39. gxf6 Be4
40. Re5 Rxe5 41. fxe5 Bd5 42. Bf5 Bc4 43. Bd3 Bd5 44. Bf5 Bc4 45. Bd3 1/2-1/2

[Event "Tom Weston Open Major"]
[Site "Cardiff"]
[Date "2016.03.25"]
[Round "2.3"]
[White "Summers, Charles"]
[Black "Thomas, Roy"]
[Result "1/2-1/2"]
[WhiteElo "1922"]
[BlackElo "1720"]
[PlyCount "39"]
[EventDate "2016.03.25"]
[EventRounds "7"]
[EventCountry "WLS"]

1. d4 f5 2. e4 fxe4 3. Nc3 Nf6 4. Bg5 e6 5. Nxe4 Be7 6. Nxf6+ Bxf6 7. Bxf6 Qxf6
8. Nf3 O-O 9. Bd3 Nc6 10. O-O b6 11. c3 Bb7 12. Qe2 a5 13. Rad1 Rae8 14. Nd2
Ne7 15. Qh5 g6 16. Qh3 Nd5 17. Ne4 Qe7 18. g3 Rf3 19. Qh6 Ref8 20. Ng5 1/2-1/2

[Event "Tom Weston Open Major"]
[Site "Cardiff"]
[Date "2016.03.25"]
[Round "2.4"]
[White "Wagner, Guy"]
[Black "Gibbs, Dominic V"]
[Result "1/2-1/2"]
[WhiteElo "1780"]
[BlackElo "1914"]
[PlyCount "122"]
[EventDate "2016.03.25"]
[EventRounds "7"]
[EventCountry "WLS"]

1. f4 d5 2. Nf3 g6 3. e3 Bg7 4. Be2 c6 5. O-O Nh6 6. d3 Qb6 7. Nc3 O-O 8. Kh1
Nd7 9. e4 d4 10. Na4 Qa5 11. b3 b5 12. Nb2 f5 13. e5 Qb6 14. Ng5 Nc5 15. a4 Nf7
16. Nf3 Ne6 17. Qe1 Bb7 18. Bd2 Qd8 19. Qf2 a6 20. c4 dxc3 21. Bxc3 Nxf4 22. d4
e6 23. Bd1 Nd5 24. Bd2 Qe7 25. Nd3 Rfc8 26. Nc5 Rc7 27. Qg3 Bc8 28. axb5 cxb5
29. Be2 Rca7 30. Rfc1 Bd7 31. b4 Nb6 32. Ra2 Bc6 33. Rac2 Bd5 34. Ne1 Nc4 35.
Bxc4 Bxc4 36. Nf3 Bh6 37. h3 Bxd2 38. Nxd2 Bd5 39. Nf1 a5 40. bxa5 Rxa5 41. Ne3
Qd8 42. Nxd5 Qxd5 43. Qh4 g5 44. Qf2 Ra1 45. Rxa1 Rxa1+ 46. Kh2 Ra8 47. Rb2 Rb8
48. Qd2 h6 49. Qc3 Nd8 50. Na6 Rb7 51. Nc5 Rb6 52. Qa5 Qc6 53. Qa7 Nb7 54. Nd7
Qxd7 55. Qxb6 Kf7 56. Rxb5 Nd8 57. Rb4 f4 58. Rc4 Kg6 59. Rc7 Qd5 60. Qc5 Qb3
61. Qe7 Qg3+ 1/2-1/2

[Event "Tom Weston Open Major"]
[Site "Cardiff"]
[Date "2016.03.25"]
[Round "2.5"]
[White "Donovan, Edward"]
[Black "Hunt, Bill"]
[Result "1/2-1/2"]
[WhiteElo "1706"]
[BlackElo "1544"]
[PlyCount "58"]
[EventDate "2016.03.25"]
[EventRounds "7"]
[EventCountry "WLS"]

1. e4 c5 2. Nc3 g6 3. f4 Bg7 4. Nf3 Nc6 5. Bb5 Nd4 6. O-O a6 7. Bc4 b5 8. Bd5
Rb8 9. d3 c4 10. dxc4 e6 11. Nxd4 exd5 12. exd5 bxc4 13. Re1+ Kf8 14. Kh1 Bb7
15. Ne4 Bxd5 16. Nf5 gxf5 17. Qxd5 fxe4 18. Qd6+ Ne7 19. Rxe4 Rb6 20. Qc5 Rc6
21. Qa3 d5 22. Re2 Qd6 23. Qa5 h5 24. Bd2 Qc7 25. Qa3 c3 26. bxc3 Re6 27. Rxe6
fxe6 28. Re1 Kf7 29. Qxa6 Qd7 1/2-1/2

[Event "Tom Weston Open Major"]
[Site "Cardiff"]
[Date "2016.03.25"]
[Round "2.6"]
[White "Lutchman Singh, Karanvir"]
[Black "Harle, Bill"]
[Result "1/2-1/2"]
[WhiteElo "1735"]
[BlackElo "1831"]
[PlyCount "49"]
[EventDate "2016.03.25"]
[EventRounds "7"]
[EventCountry "WLS"]

1. e4 c6 2. d4 d5 3. exd5 cxd5 4. c4 e6 5. Nc3 Nf6 6. Nf3 Be7 7. Bf4 a6 8. c5
Nc6 9. Bd3 O-O 10. O-O b6 11. cxb6 Qxb6 12. Qd2 Bd7 13. Rac1 Rfc8 14. Na4 Qa7
15. Nc5 Bxc5 16. Rxc5 Ne8 17. Rfc1 Ne5 18. Nxe5 Rxc5 19. Rxc5 Bc8 20. Qc2 Qb7
21. Bxh7+ Kf8 22. Bg5 Bd7 23. Qg6 fxg6 24. Nxg6+ Kf7 25. Nh8+ 1/2-1/2

[Event "Tom Weston Open Major"]
[Site "Cardiff"]
[Date "2016.03.25"]
[Round "2.7"]
[White "Williams, Stephen"]
[Black "McGregor, John"]
[Result "0-1"]
[WhiteElo "1724"]
[BlackElo "1814"]
[PlyCount "90"]
[EventDate "2016.03.25"]
[EventRounds "7"]
[EventCountry "WLS"]

1. d4 d5 2. c4 dxc4 3. e3 c5 4. Bxc4 cxd4 5. exd4 Nf6 6. Nc3 e6 7. Nf3 Be7 8.
O-O O-O 9. Re1 Nbd7 10. h3 Nb6 11. Bb3 Bd7 12. Ne5 Rc8 13. Nxd7 Qxd7 14. Qd3
Rfd8 15. Be3 Nbd5 16. Rac1 Nxc3 17. bxc3 Nd5 18. c4 Nxe3 19. fxe3 Bd6 20. Rf1
Bb8 21. Rf3 Qd6 22. Rd1 Qh2+ 23. Kf2 b6 24. Qf1 Rf8 25. Ke2 Qd6 26. e4 a5 27.
Kf2 Qa3 28. Rd2 a4 29. Bd1 Qb4 30. Rc2 b5 31. Rfc3 Ba7 32. Qd3 Rfd8 33. c5 Rxd4
34. Qe2 Rxe4 35. Qd2 Rd4 36. Qc1 Rf4+ 37. Bf3 Rf5 38. Kf1 Rfxc5 39. a3 Qd4 40.
Rxc5 Bxc5 41. Bb7 Qg1+ 42. Ke2 Qf2+ 43. Kd1 Qf1+ 44. Kd2 Rd8+ 45. Kc3 Qc4+ 0-1

[Event "Tom Weston Open Major"]
[Site "Cardiff"]
[Date "2016.03.25"]
[Round "2.8"]
[White "Pearson, Raymond"]
[Black "Rovaretti, David"]
[Result "1-0"]
[WhiteElo "1952"]
[BlackElo "1611"]
[PlyCount "35"]
[EventDate "2016.03.25"]
[EventRounds "7"]
[EventCountry "WLS"]

1. c4 b6 2. Nc3 Bb7 3. e4 e6 4. Nf3 d5 5. cxd5 exd5 6. exd5 Bxd5 7. Be2 Nf6 8.
O-O Be7 9. Nxd5 Qxd5 10. d4 Nbd7 11. Bf4 c5 12. dxc5 Qxd1 13. Raxd1 Bxc5 14.
Bb5 a6 15. Rfe1+ Kd8 16. Bc6 Rc8 17. Bxd7 Nxd7 18. Ne5 1-0

[Event "Tom Weston Open Major"]
[Site "Cardiff"]
[Date "2016.03.25"]
[Round "2.9"]
[White "Lutchman Singh, Aishwarya"]
[Black "Christmas, Steve"]
[Result "0-1"]
[WhiteElo "1440"]
[BlackElo "1923"]
[PlyCount "54"]
[EventDate "2016.03.25"]
[EventRounds "7"]
[EventCountry "WLS"]

1. d4 Nf6 2. Nf3 e6 3. Bf4 d5 4. c3 c6 5. e3 Bd6 6. Ne5 O-O 7. Nd2 Ne8 8. Bg3
f6 9. Nef3 Nd7 10. e4 Qc7 11. Be2 f5 12. Bxd6 Qxd6 13. e5 Qe7 14. h4 Rf7 15.
Ng5 Rf8 16. Rh3 h6 17. Ngf3 g6 18. Rg3 Kh7 19. Nh2 Ng7 20. f4 Qxh4 21. Nhf1 Qe7
22. Rh3 Rh8 23. Nf3 Kg8 24. Rg3 Nf8 25. N1d2 Nh5 26. Rh3 Nxf4 27. Rg3 Bd7 0-1

[Event "Tom Weston Open Major"]
[Site "Cardiff"]
[Date "2016.03.25"]
[Round "2.10"]
[White "Bridges, Paul"]
[Black "Jukes, Sam"]
[Result "1/2-1/2"]
[WhiteElo "1821"]
[BlackElo "1659"]
[PlyCount "93"]
[EventDate "2016.03.25"]
[EventRounds "7"]
[EventCountry "WLS"]

1. e4 e5 2. Bc4 Bc5 3. Nf3 Nc6 4. O-O Nf6 5. d3 h6 6. c3 d6 7. h3 O-O 8. b4 Bb6
9. Bb2 Be6 10. Nbd2 a6 11. Qc2 d5 12. exd5 Bxd5 13. a3 Re8 14. Rfe1 Bxc4 15.
Nxc4 Nd7 16. Nxb6 Nxb6 17. c4 f6 18. Rad1 Qd7 19. Re2 Qf7 20. Red2 Rad8 21. b5
axb5 22. cxb5 Nd4 23. Nxd4 exd4 24. Rc1 Rd7 25. a4 Qd5 26. a5 Nc8 27. Qc4 Qxc4
28. Rxc4 Re5 29. Rb4 Na7 30. a6 bxa6 31. bxa6 c5 32. Rb7 Ree7 33. Rxd7 Rxd7 34.
Ba3 Rd6 35. Bxc5 Rxa6 36. Bxd4 Nc6 37. Be3 Ra1+ 38. Kh2 Kf7 39. d4 Ke7 40. Rb2
Kd6 41. Rb7 Ra7 42. Rxa7 Nxa7 43. Kg3 Nc6 44. Kf4 Ne7 45. Ke4 f5+ 46. Kd3 Kd5
47. g3 1/2-1/2